Los tt̕ulos - valor letra de cambio, cheque y pagař

Detalles Bibliográficos
Autor principal: Gadea, Enrique
Formato: Desconocido
Lenguaje:español
Publicado: Madrid : Dykinson, 2007
Edición:2a. ed
Materias:
Acceso en línea:Acceso restringido

MARC

LEADER 00000ny a22000003n 4500
005 2011061705505.0
006 m u
007 cr cn|||||||||
008 200807r2007 sp |||||s|||||||||||spa d
020 |a 9788498490022 
035 |a 2213 
040 |a FlNmELB  |c FlNmELB  |d vlex 
050 1 4 |a K1054  |b G124 2007eb 
080 |a 347.457 
090 |c 1390  |d 1390 
100 1 |a Gadea, Enrique 
245 1 4 |a Los tt̕ulos - valor  |h [Recurso electrn̤ico]  |b letra de cambio, cheque y pagař 
250 |a 2a. ed 
256 |a Servicio en ln̕ea 
260 |a Madrid :  |b Dykinson,  |c 2007 
300 |a 10-189 p 
506 1 |a Contenido solo disponible en los productos indicados  |d vLex Global  |d vLex Global (Academic Edition, excluding Law Schools)  |d vLex Global (U.S. Academic Edition, Law Schools)  |d vLex Global (U.S. Academic Edition, excluding Law Schools)  |d vLex Global (Academic Edition, Law Schools) 
650 0 7 |a Mercantil  |2 Tesauro vLex 
650 0 7 |a Tt̕ulos valor  |2 Tesauro vLex 
650 0 7 |a Tt̕ulos valores  |2 Tesauro vLex 
650 0 7 |a Cheques  |2 Tesauro vLex 
650 0 7 |a Letras de cambio  |2 Tesauro vLex 
650 0 7 |a Pagarš cambiarios  |2 Tesauro vLex 
740 0 |a vLex Libros (Servicios en ln̕ea) 
856 4 0 |z Acceso restringido  |u http://vlex.com/source/titulos-valor-letra-de-cambio-cheque-pagare-2213 
942 |c BOOK